Физическая величина с мировым именем. Школа физики ТПУ, основанная выдающимися учеными, продолжает развиваться; Томский политехник; Вып. 6
| Parent link: | Томский политехник: ежегодный журнал/ Томский политехнический университет (ТПУ), Ассоциация выпускников.— , 1995- Вып. 6.— 2000.— [С. 54-57] |
|---|---|
| 第一著者: | |
| 要約: | Заглавие с титульного листа Электронная версия печатной публикации |
| 言語: | ロシア語 |
| 出版事項: |
2000
|
| シリーズ: | ТПУ и научные достижения |
| 主題: | |
| オンライン・アクセス: | Цветная версия без потери качества |
| フォーマット: | 電子媒体 図書の章 |
| KOHA link: | https://koha.lib.tpu.ru/cgi-bin/koha/opac-detail.pl?biblionumber=190552 |
MARC
| LEADER | 00000nla2a2200000 4500 | ||
|---|---|---|---|
| 001 | 190552 | ||
| 005 | 20250917071650.0 | ||
| 035 | |a (RuTPU)RU\TPU\book\207654 | ||
| 035 | |a RU\TPU\book\207651 | ||
| 090 | |a 190552 | ||
| 100 | |a 20110125d2000 km y0rusy50 ca | ||
| 101 | 0 | |a rus | |
| 102 | |a RU | ||
| 135 | |a drnn ---uucaa | ||
| 181 | 0 | |a i | |
| 182 | 0 | |a b | |
| 200 | 1 | |a Физическая величина с мировым именем. Школа физики ТПУ, основанная выдающимися учеными, продолжает развиваться |f И. П. Чернов | |
| 203 | |a Текст |c электронный | ||
| 215 | |a 1 файл (10.6 Мб) | ||
| 225 | 1 | |a ТПУ и научные достижения | |
| 300 | |a Заглавие с титульного листа | ||
| 300 | |a Электронная версия печатной публикации | ||
| 337 | |a Adobe Reader | ||
| 461 | 1 | |0 (RuTPU)RU\TPU\book\202435 |t Томский политехник |o ежегодный журнал |f Томский политехнический университет (ТПУ), Ассоциация выпускников |d 1995- | |
| 463 | 1 | |0 (RuTPU)RU\TPU\book\207559 |t Вып. 6 |v [С. 54-57] |d 2000 |p 225 с. | |
| 601 | 0 | 2 | |a Томский технологический институт (ТТИ) |c (1896-1923) |2 stltpush |3 (RuTPU)RU\TPU\col\9244 |
| 601 | 0 | 2 | |a Томский политехнический университет (ТПУ) |b Научно-исследовательский институт ядерной физики (НИИ ЯФ) |c (1998- ) |2 stltpush |3 (RuTPU)RU\TPU\col\581 |
| 610 | 1 | |a институты | |
| 610 | 1 | |a основание | |
| 610 | 1 | |a развитие | |
| 610 | 1 | |a выдающиеся ученые | |
| 610 | 1 | |a научные достижения | |
| 610 | 1 | |a электронный ресурс | |
| 700 | 1 | |a Чернов |b И. П. |c физик |c профессор Томского политехнического университета, доктор физико-математических наук |f 1935-2025 |g Иван Петрович |x TPU |y Томск |3 (RuTPU)RU\TPU\pers\12909 |9 3694 | |
| 801 | 1 | |a RU |b 63413507 |c 20101101 | |
| 801 | 2 | |a RU |b 63413507 |c 20110411 |g RCR | |
| 856 | 4 | |u http://www.lib.tpu.ru/fulltext/v/Tomsk_polytechnic/2000/N6a14_full.pdf |z Цветная версия без потери качества | |
| 942 | |c CF | ||